|
|
|
|
| LEADER |
01135nam a2200253 i 4500 |
| 003 |
GR-PaULI |
| 005 |
20231031110120.0 |
| 008 |
190607s2020 gr ||| |||| 000 f gre d |
| 020 |
|
|
|a 9789605723507
|
| 040 |
|
|
|a GR-PaULI
|b gre
|c GR-PaULI
|e AACR2
|
| 041 |
1 |
|
|a gre
|h eng
|
| 082 |
0 |
4 |
|2 23
|a 814.54
|
| 100 |
1 |
|
|9 199020
|a Whitehead, Colson,
|d 1929-
|e συγγραφέας
|
| 245 |
1 |
3 |
|a Τα αγόρια του Νίκελ /
|c Colson Whitehead ; μετάφραση Μυρσίνη Γκανά.
|
| 260 |
|
|
|a Αθήνα :
|b Ίκαρος,
|c 2020.
|
| 300 |
|
|
|a 259 σ. ;
|c 21 εκ.
|
| 500 |
|
|
|a Τίτλος πρωτοτύπου: "The nickel boys : a novel".
|
| 655 |
|
0 |
|a Ιστορική μυθοπλασία
|
| 700 |
1 |
|
|a Γκανά, Μυρσίνη
|e μεταφράστρια
|9 104978
|
| 765 |
0 |
|
|t The nickel boys : a novel
|
| 942 |
|
|
|2 ddc
|c BK
|
| 952 |
|
|
|0 0
|1 0
|2 ddc
|4 0
|6 814_540000000000000_WHI
|7 0
|9 372690
|a LISP
|b LISP
|c BSC
|d 2023-05-02
|i 260308
|l 2
|m 1
|o 814.54 WHI
|p 025000300363
|r 2025-03-04 11:13:09
|s 2025-01-23
|t 1
|w 2023-06-16
|y BK15
|x Προσκτήσεις Τμήματος Φιλολογίας
|
| 998 |
|
|
|c ΓΚΟΓΚΟΥ
|d 2023-06
|
| 999 |
|
|
|c 217340
|d 217340
|